000 00594cam a2200205 4500500
005 20260329004948.0
041 _afre
042 _adc
100 1 0 _aLarmagnac-Matheron, Octave
_eauthor
245 0 0 _a“Nativisme”
260 _c2021.
500 _a37
690 _aCulture
690 _aExtrême droite
690 _aRacisme
690 _auniversalité
690 _aXénophobie
786 0 _nPhilosophie magazine | 155 | 12 | 2021-12-01 | p. 6-6 | 1951-1787
856 4 1 _uhttps://shs.cairn.info/magazine-philosophie-magazine-2021-12-1-page-6?lang=fr&redirect-ssocas=7080
999 _c1838968
_d1838968